000 00918nam0a22002651 4500
001 rc\4452714
005 20250612090016.0
021 _aRU
_b[61-84032]
035 _a(NLR Aleph) 008588176
090 _a8627474
_c8627474
100 _a20130416d1961 |||y0rusy50 ca
101 0 _arus
102 _aRU
105 _aa j |||||
200 1 _aПромысловая геофизика
_e[Учебник для нефт. и геологоразвед. вузов и фак.]
210 _aМосква
_cГостоптехиздат
_d1961
215 _a388 с.
_cчерт.
_d27
320 _aБиблиогр.: с. 383 (24 назв.)
606 _aГеофизика прикладная
_jУчебники и пособия
_2psbo
700 1 _aИтенберг
_bС.С.
_gСемен Самуилович
801 0 _aRU
_bNLR
_gpsbo
801 1 _aRU
_bELAR
_2rusmarc
852 _aNLR
_j62-7/34
942 _cBOOK
980 _aNB